De 0 à 5 - Culture mathématique - Statistiques

Statistiques générales
  • Ce quiz a été pris 378 fois
  • Le résultat moyen est 11 sur 15
Statistiques - réponses
Hint Réponse % Correct
Nombre de côtés d'un triangle 3
90%
Quantité nulle 0
89%
Nombre de côtés d'un pentagone 5
89%
Nombre non nul inférieur à 2 1
83%
Premier nombre impair 1
82%
Chiffre des dizaines du nombre 104 0
80%
Premier nombre pair non nul 2
80%
Seul nombre premier pair 2
80%
Chiffre des milliers du nombre 127 0
79%
Plus petit nombre non nul 1
79%
Autre nom du produit en croix : la règle de... 3
76%
Nombre de faces d'un tétraèdre 4
56%
Quatrième décimale de pi (π) 5
56%
Nombre non présent dans la suite de Fibonacci 4
49%
Troisième plus petit nombre premier 5
49%
Aucun quiz correspondant
Distribution des résultats
% des personnes avec chaque résultat
Percentile par nombre de réponses
Votre historique - résultats
Vous n’avez pas pris ce quiz